Effective project management techniques : a seminar /

Bibliographic Details
Corporate Author: American Society of Civil Engineers. National Committee on Engineering Management
Format: Book
Language:English
Published: New York, N.Y. : American Society of Civil Engineers, [1973?]
Subjects:

MARC

Tag First Indicator Second Indicator Subfields
LEADER 00000cam a2200000 a 4500
001 in00000072991
005 20151008060011.0
008 740806s1973 nyua 00000 eng d
035 |a (OCoLC)00972894 
035 |9 AAJ4927AM 
040 |c DRB  |d TXA  |d UtOrBLW 
049 |a TXAM  |c [387906] 
090 |a T56.25  |b .E3 
245 0 0 |a Effective project management techniques :  |b a seminar /  |c presented by the National Committee on Engineering Management of the American Society of Civil Engineers, San Francisco, California, April 14, 1973 ; Robert P. Wadell, chairman. 
264 1 |a New York, N.Y. :  |b American Society of Civil Engineers,  |c [1973?] 
300 |a v, 77 pages :  |b illustrations ;  |c 22cm. 
336 |a text  |b txt  |2 rdacontent 
337 |a unmediated  |b n  |2 rdamedia 
338 |a volume  |b nc  |2 rdacarrier 
650 0 |a Project management  |v Congresses. 
710 2 |a American Society of Civil Engineers.  |b National Committee on Engineering Management. 
999 |a MARS 
999 f f |s abe6600e-4523-3693-a8cf-8e3b1727b95a  |i f7677014-305f-3321-bc1f-e6fd497dba87  |t 0 
952 f f |p ric  |a Texas A&M University  |b Rellis Campus  |c Joint Library Facility  |d Remote Storage  |t 0  |e T56.25 .E3  |h Library of Congress classification  |i unmediated -- volume  |m A14806240265 
998 f f |a T56.25 .E3  |t 0  |l Remote Storage